Changes in the character of job vacancies and personal marketing

Salvato in:
Dettagli Bibliografici
Autore principale: Szarková, Miroslava, 1951-
Natura: Capitolo di libro
Lingua:inglese
Soggetti:
Tags: Aggiungi Tag
Nessun Tag, puoi essere il primo ad aggiungerne!!

MARC

LEADER 00000nla a2200000 4500
001 0224297
005 20240502073655.3
041 0 |a eng 
044 |a SK 
245 1 0 |a Changes in the character of job vacancies and personal marketing  |c Miroslava Szarková 
610 2 0 |a práca 
610 2 0 |a miesta pracovné 
610 2 0 |a trh práce 
610 2 0 |a kvalifikácia 
610 2 0 |a zručnosti 
610 2 0 |a vedomosti 
610 2 0 |a klasifikácia 
610 2 0 |a marketing personálny 
100 1 |a Szarková, Miroslava, 1951-